[Event "Neumarkt am Wallersee op-C 16th"]
[Site "Neumarkt am Wallersee"]
[Date "2018.09.08"]
[Round "7.1"]
[White "Winkler, Manfred"]
[Black "Dummert, Norbert"]
[Result "0-1"]
[WhiteElo "1622"]
[BlackElo "1536"]
[PlyCount "104"]
[EventDate "2018.09.02"]
[EventType "swiss"]
[EventRounds "7"]
[EventCountry "AUT"]
[SourceTitle "EXT 2024"]
[Source "ChessBase"]
[SourceDate "2023.10.10"]
[SourceVersion "1"]
[SourceVersionDate "2023.10.10"]
[SourceQuality "1"]

1. d4 f5 2. e3 Nf6 3. Nf3 d6 4. Be2 e6 5. 0-0 Be7 6. c4 0-0 7. Nc3 Nbd7 8. d5 Nc5 9. b4 Nce4 10. Bb2 Nxc3 11. Bxc3 Ne4 12. Bb2 e5 13. Bd3 Ng5 14. Nxg5 Bxg5 15. Qh5 Bh6 16. Rae1 Qg5 17. Qe2 e4 18. Bc2 Qe7 19. Ba4 Bd7 20. Bxd7 Qxd7 21. Qc2 Rae8 22. Qc3 Bg5 23. Re2 Bf6 24. Qa3 Bxb2 25. Qxb2 Qe7 26. f3 Qe5 27. Qxe5 Rxe5 28. f4 Ree8 29. a4 Rd8 30. g3 c6 31. Rd2 c5 32. bxc5 dxc5 33. h3 Rd6 34. Kg2 Rb6 35. a5 Rb4 36. Rc2 Rd8 37. Ra1 Rd6 38. g4 fxg4 39. hxg4 Rb3 40. Kf2 Kf7 41. Rac1 Ra6 42. Ra1 b6 43. g5 g6 44. Raa2 bxa5 45. Rab2 a4 46. Ke2 Rab6 47. Ra2 a3 48. Kd2 Rd3+ 49. Ke2 Rbb3 50. Rd2 Rxe3+ 51. Kf2 Red3 52. d6 e3+ 0-1